000 00921nam a22002537a 4500
005 20170124105921.0
010 _aA-608652
020 _c00.00
_a8185135657
035 _aA-608652
037 _bCen Lib/Ret
040 _aDPL
_bEN
082 _a306.36
_bJAS
100 _aJaspal Singh
_94682
245 _aContributions to industrial sociology /
_cby Jaspal Singh
260 _aNew Delhi
_bNational Book Organisation
_c1991
270 _aH-39, Green Park Extension
_bNew Delhi
_e110016
300 _axiii,232p.
_c21cm(Hb)
500 _aIncludes bibliographical references and index
650 _aIndustrial Sociology
_94683
650 _aTrade union leaders-sociology
_94684
650 _a औद्योगिक समाजशास्त्र
_962510
650 _a ट्रेड यूनियन नेता-समाजशास्त्र
_94686
942 _2ddc
_cEN
_h306.36
_mJAS
999 _c123195
_d123195